000 00852cam a2200205 4500
001 WB3807-10
008 020221n2002 000 0 eng u
035 _a(Sirsi) u116793
245 _aWhite asbestos still a threat
260 _c2002
490 _aHSE News Release
_v(E010:02) 5 February 2002, (4)
520 _aWhite asbestos or chrysotile remains a serious health hazard according to the HSE. The danger is less than with more potent carcinogens but is to be included in new rules to come into force later this year. HSE Press Release: http://www.hse.gov.uk/press/2002/e02010.htm
590 _aWB
650 _aHEALTH AND SAFETY EXECUTIVE
650 _aWHITE ASBESTOS
650 _aMANAGEMENT-HEALTH AND SAFETY-HAZARDOUS SUBSTANCES-ASBESTOS
650 _aPROPERTY-COMMERCIAL PROPERTY
690 _aHEALTH AND SAFETY
_96244
942 _n0
999 _c69560
_d69560